| 000 | 01200naa a2200301 c 4500 | ||
|---|---|---|---|
| 001 | 46982 | ||
| 003 | ES-MaCES | ||
| 005 | 20160119103901.0 | ||
| 008 | 160118s2015 sp ||||| t||||||| ||spa d | ||
| 040 |
_aES-MaCES _bspa _cES-MaCES _dES-MaCES |
||
| 100 | 1 |
_922614 _aRoqueta Buj, Remedios |
|
| 245 | 1 | 4 |
_aLas medidas legales de conciliación de la vida personal, familiar y laboral de los trabajadores _cRemedios Roqueta Buj |
| 650 | 4 |
_927303 _aconciliación |
|
| 650 | 4 |
_927318 _afamilia |
|
| 650 | 4 |
_930598 _aresponsabilidades familiares |
|
| 650 | 4 |
_928327 _acondiciones de trabajo |
|
| 650 | 4 |
_929205 _aordenamiento del tiempo de trabajo |
|
| 650 | 4 |
_929565 _atrabajadora madre de familia |
|
| 650 | 4 |
_929512 _amaternidad |
|
| 650 | 4 |
_929504 _alactancia |
|
| 650 | 4 |
_930651 _acuidado no profesional |
|
| 650 | 4 |
_927038 _aprestaciones familiares |
|
| 650 | 4 |
_927166 _alegislación del trabajo |
|
| 653 | 1 | 0 | _aDerecho del trabajo y Seguridad Social |
| 773 | 0 |
_983792 _dMadrid Delta [2015] _o086694 _tConciliación de la vida laboral y familiar y crisis económica _w(ES-MaCES)46781 _z9788416383115 _gp.27-42 . - SR-6.0.1.-804 |
|
| 902 | _aARL Artículo de libro | ||
| 942 |
_2CES _cAR _h6.0.1. |
||
| 999 |
_c46982 _d46982 |
||